000 00366nam a2200133Ia 4500
008 240624s9999 xx 000 0 und d
041 _aeng
082 _a658.4092 BAK
100 _aBAKER MILA N
245 _aPEER TO PEER LEADERSHIP WHY THE NETWORK
260 _c2014
_aSan Francisco
_bBerrett-Koehler Publishers
300 _axxiii, 170 p.; 23 cm.
365 _c
_b38
999 _c29128
_d29128